EXO Alphabet Song - Statistics

General Stats
  • This quiz has been taken 132 times
  • The average score is 17 of 23
Answer Stats
Hint Answer % Correct
L Let out the beast / Lucky / Lady luck / Love me right / Lightsaber / Lucky one / Lotto / Lights out / Lovin’ you mo’ / Love fool / Let me in / Love love love / Love shot
99%
M My lady / My answer / Monster / Mama / Machine / Miracles in december / My turn to cry / Moonlight
99%
C Call me baby / Cloud 9 / Can’t bring me down / Chill / Coming over / Cosmic railway / Cream soda / Cinderella / Christmas day
96%
T Transformer / Tender love / They never know / Twenty four / The eve / Touch it / Tactix / Tempo / Trouble / Two moons / The star / The first snow / Thunder / Trauma
95%
O On the snow / One and only / Ooh la la la / Oasis / Obsession / Overdose
92%
D Don’t go / Diamond / Drop that / Damage / Day after day / Dancing king / Don’t fight the feeling
91%
G Growl / Girl x friend / Going crazy / Good night / Gravity / Groove
87%
P Peter pan / Playboy / Promise / Private party / Power / Paradise
87%
W Wolf / What if / White noise / What I want for christmas / Winter heat / What u do? / Walk on memories / With you / What is love / Wait
86%
B Baby don’t cry / Black pearl / Baby / Beautiful / Been through / Bad dream / Baby you are / Butterfly effect / Boomerang / Bird
83%
K Ko ko bop
83%
H Heart attack / Hurt / Heaven / Hear me out / History
81%
E Exodus / El dorado / Elctric kiss
75%
S Sing for you / Stronger / She’s dreaming / Stay / Sign / Smile on my face / Sweet lies
70%
U Unfair / Universe
70%
A Artificial love / Another day / Angel
69%
X XOXO
66%
F First love / For life / Falling for you / Forever / Fall
64%
J Jekyll / Just as usual
55%
R Run this / Regret it / Run / Runaway
52%
N Non stop / No make up / No matter
49%
Y Ya ya ya
45%
I Into my world
25%
No matching quizzes found
Score Distribution
Percent of People with Each Score
Percentile by Number Answered
Your Score History
You have not taken this quiz